|
|
|
|
| LEADER |
00000cam a2200000 7i4500 |
| 001 |
0000001454 |
| 005 |
20151222.0 |
| 008 |
070705 |
| 020 |
|
|
|a 9832642469
|
| 090 |
0 |
0 |
|a JF
|b ENG
|
| 100 |
1 |
|
|a P.N Fasma
|
| 245 |
1 |
0 |
|a Elbion madness
|c P.N Fasma
|
| 260 |
|
|
|a Kuala Lumpur :
|b Pustaka Buana ,
|c 2004
|
| 440 |
|
|
|a Cheerful novella readers
|
| 500 |
|
|
|a Children ages 10-12 years old (pink)
|
| 650 |
|
0 |
|a Junior fiction
|x English
|x Languages
|
| 710 |
0 |
|
|a Title
|
| 999 |
|
|
|a 0000911183
|b Book
|c Teenagers
|e Cawangan Bandar Tenggara
|
| 999 |
|
|
|a 0000919303
|b Book
|c Children Collection
|e Cawangan Bukit Gambir
|
| 999 |
|
|
|a 0000966725
|b Book
|c Children Collection
|e Cawangan Tangkak
|
| 999 |
|
|
|a 0000966726
|b Book
|c Children Collection
|e Cawangan Bandar Penawar
|
| 999 |
|
|
|a 0000966727
|b Book
|c Children Collection
|e Cawangan Sri Merlong
|
| 999 |
|
|
|a 0000966728
|b Book
|c Children Collection
|e Perbadanan Perpustakaan Awam Johor
|
| 999 |
|
|
|a 0000966729
|b Book
|c Children Collection
|e Cawangan Segamat
|
| 999 |
|
|
|a 0001051338
|b Book
|c Children Collection
|e Cawangan Segamat
|
| 999 |
|
|
|a 0001051339
|b Book
|c Children Collection
|e Cawangan Bukit Gambir
|